| 000 | 00573cam a2200157K 4500 | ||
|---|---|---|---|
| 082 |
_a940.4 _bPER _cD |
||
| 100 | 1 |
_aPerris, G. H. _949595 |
|
| 245 | 1 | 4 |
_aThe battle of the Marne _cby George Herbert Perris ... With twelve maps. |
| 260 |
_aLondon, _bMethuen _c[1920] |
||
| 300 |
_a1 online resource (xi, 274 p., 1 l.) _b12 maps (incl. fold. front.) |
||
| 526 |
_a0 _b0 _c0 _d940_400000000000000_PER |
||
| 650 | 0 |
_aMarne, 1st Battle of the, France, 1914. _949596 |
|
| 650 | 0 |
_aMCE _9379 |
|
| 856 | 4 | 0 | _uhttp://catalog.hathitrust.org/api/volumes/oclc/2068155.html |
| 942 |
_2ddc _cBK |
||
| 999 |
_c552384 _d552384 |
||